000 00658nam a2200181Ia 4500
008 100921s9999 xx 000 0 und d
082 _b10224
_a750 0
100 _aडेंगळे दिवाकर कृष्णाजी.
245 _aमुक्तहस्तचित्रण.
260 _bप्रेस्टीज प्रकाशन,पुणे.
_c0
300 _a47
_b---
365 _b0
520 _aकला-चित्रकला.
630 _aमुक्तहस्तचित्रण.
650 _aकला-चित्रकला.
730 _aमुक्तहस्तचित्रण.
942 _cBOOK
999 _c759337
_d759334